Essentials of marine biology (Record no. 3780)

MARC details
000 -LEADER
fixed length control field 00357nam a22001457a 4500
008 - FIXED-LENGTH DATA ELEMENTS--GENERAL INFORMATION
fixed length control field 250604b |||||||| |||| 00| 0 eng d
020 ## - INTERNATIONAL STANDARD BOOK NUMBER
ISBN 9789352692705
100 ## - MAIN ENTRY--AUTHOR
Author saddaiah
245 ## - TITLE STATEMENT
Title Essentials of marine biology
260 ## - PUBLICATION, DISTRIBUTION, ETC. (IMPRINT)
Place of publication India
Name of publisher Random publication
Date of publication 2019
300 ## - COLLATION
Pagination 308p
650 ## - TRACINGS
Main Subject Marine ecology
942 ## - ADDED ENTRY ELEMENTS (KOHA)
Item type Books
050 ## - LIBRARY OF CONGRESS CALL NUMBER
Classification number QH 541.5
Item number .S3
Holdings
Source of classification or shelving scheme Not for loan Permanent location Current location Date acquired Accession No. Full call number Barcode. Koha item type
Library of Congress Classification   Samuel Ogbemudia Main Library, University of Abuja Samuel Ogbemudia Main Library, University of Abuja 06/04/2025 2025/65010 QH 541.5 .S3 2025-2366 Books